000 00633nam a22001937a 4500
999 _c162868
_d162868
005 20190323112400.0
010 _aENG-124913
020 _a8185883408
_c300.00
035 _aEN-108445
037 _bDBAD/PUB
082 _a613.7046
100 _aJyotirmayananda, Swami
245 _aYoga exercisses for health & happiness/
_cby Swami Jyotirmayananda
250 _aReprint
260 _aGhaziabad, (U.P)
_bInternational Yoga Society
_c2015
270 _aLal Bagh, Loni
_bGhaziabad
_e201102
_k0120-2600237, 0120-2686938
_miysindia@gmail.com
300 _a312p.
_c21cm(pbk)
_bill.
942 _2ddc
_cEN
_h613.7046
_mJYO